|
|
|
|
| LEADER |
00682nnm a2200217 i 4500 |
| 001 |
eta5058 |
| 005 |
20210223083036.0 |
| 008 |
210223s2021 hu o 0|| fre d |
| 040 |
|
|
|a SZTE Elektronikus Tananyag Archívum
|b hun
|
| 041 |
|
|
|a fre
|
| 100 |
1 |
|
|a Szász Géza
|
| 245 |
1 |
3 |
|a La romanisation des Gaules
|h [elektronikus dokumentum] /
|c Szász Géza
|
| 260 |
|
|
|c 2021-02-19
|
| 300 |
|
|
|a 15
|
| 516 |
|
|
|a Presentation
|
| 650 |
|
4 |
|a Bölcsészettudományok
|
| 650 |
|
4 |
|a Történettudomány és régészet
|
| 650 |
|
4 |
|a Történettudomány
|
| 650 |
|
4 |
|a Ókori történelem
|
| 695 |
|
|
|a gallok
|
| 856 |
4 |
0 |
|u https://eta.bibl.u-szeged.hu/5058/1/ROMGAULEImagesetson.pptx
|z Dokumentum-elérés
|